| 000 | 00707nam a2200217 a 4500 | ||
|---|---|---|---|
| 001 | 000032392 | ||
| 005 | 20240412074256.0 | ||
| 008 | 110715s2011 dr r 000 p spa d | ||
| 020 | _a9781257784783 | ||
| 040 |
_aDO-SdBNP _bspa _cBNPHU |
||
| 082 |
_aRD861.5 _bC146p |
||
| 100 | 1 |
_aCalderón, José Luis _958365 |
|
| 245 | 1 | 0 |
_aPoesía agridulce : _bsalpicada de esperanza / _cJosé Luis Calderón. |
| 260 |
_a[s.l.] : _b[s.n. ], _c2011. |
||
| 300 |
_a84 p. ; _c21 cm. |
||
| 500 | _aIncluye datos biográficos del autor en la contracubierta | ||
| 590 | _aInventariado, 2019 / DG | ||
| 650 | 0 |
_aPoesía dominicana _966 |
|
| 650 | 0 |
_aLiteratura dominicana. _967 |
|
| 910 | _aValidado. Control de calidad. MFF | ||
| 999 |
_c31883 _d31883 |
||